00602 2200193 4500001002100000005001500021035002000036007000300056008003900059082001700098084002300115100002900138245012500167260004100292300004100333650001100374600001000385022001300395INLIS00000000000116620250203094033 a0010-0225000004ta250203 | | |  a631.53-633.7 a631.53-633.7 NIL l0 aNilton B. Rojas-Briceño1 aLand Suitability for Cocoa Cultivation in Peru: AHP and MaxEnt Modeling in a GIS Environment /cNilton B. Rojas-Briceño aSwitzerland, Basel :bMDPI AG,c2022 a1-21 hlm, :bIlus ;c21 cm x 29,7 cm 4aJurnal 4aKakao a20734395